| 000 | 00436nam a2200157Ia 4500 | ||
|---|---|---|---|
| 999 |
_c15853 _d15853 |
||
| 082 | _aTG.0152 | ||
| 100 | _aGupta, Sunita | ||
| 245 | 0 | _aInteractive effects of reinforcement and personality on verbal operant conditioning | |
| 260 |
_c1988 _bBanaras Hindu University |
||
| 300 | _a133 | ||
| 650 | _aVerbal conditioning | ||
| 650 | _aReinforcement (Psychology) | ||
| 650 | _aPersonality | ||
| 710 | _aShukla, A.P | ||
| 942 |
_cTH _2ddc |
||